[Event "ICS rated blitz match"]
[Site "204.178.125.65"]
[Date "2000.03.16"]
[Round "?"]
[White "Hossa"]
[Black "PostModernist"]
[Result "0-1"]
[WhiteElo "2600"]
[BlackElo "2595"]
[PlyCount "156"]

1. e4 c6 2. d4 d5 3. Nc3 dxe4 4. Nxe4 Nd7 5. Ng5 Nb6 6. Bd3 g6 7. N1f3 Nh6 8.
O-O Bg7 9. c3 O-O 10. Ne4 Nf5 11. Be2 Qd5 12. Qc2 Nd6 13. Nc5 Bf5 14. Qd1 Ne4
15. Nxb7 Rfb8 16. Nc5 Nxc5 17. dxc5 Qxc5 18. Be3 Qd6 19. Nd4 Bd7 20. Nb3 Nd5
21. Bc5 Qc7 22. Bf3 Be5 23. g3 Bh3 24. Re1 Bf6 25. Bxd5 cxd5 26. Qxd5 Be6 27.
Rxe6 fxe6 28. Qxe6+ Kh8 29. Ba3 Rb6 30. Qf7 Rbb8 31. Re1 Rf8 32. Qe6 Rfe8 33.
Nc5 Qb6 34. Qe4 Rad8 35. Ne6 Rd2 36. Qf4 Rxb2 37. Bxb2 Qxb2 38. Qa4 Ra8 39. Re3
Qb1+ 40. Kg2 Qb7+ 41. Kh3 Qb2 42. f4 Qf2 43. Qc6 Rb8 44. Rf3 Qxa2 45. f5 Qd2
46. Qc5 Qh6+ 47. Kg2 a6 48. Rf2 gxf5 49. Qa7 Rg8 50. c4 Qh4 51. Rf4 Qh5 52. Rf3
Qg4 53. Qxa6 Qe4 54. Nc5 Qe5 55. Qa7 Qe2+ 56. Rf2 Qxc4 57. Rxf5 Bd4 58. Kh3 Qe2
59. Qa4 e5 60. Qd7 Bg1 61. Rg5 Qxh2+ 62. Kg4 h5+ 63. Kf5 Qf2+ 64. Ke6 Rxg5 65.
Qe8+ Kh7 66. Nd7 Rg6+ 67. Ke7 Qf5 68. Nf8+ Qxf8+ 69. Qxf8 Bc5+ 70. Kf7 Bxf8 71.
Kxf8 Rg7 72. Ke8 e4 73. g4 e3 74. g5 e2 75. Kf8 e1=Q 76. g6+ Rxg6 77. Kf7 Qe2
78. Kf8 Rf6# 0-1

[Event "ICS rated standard match"]
[Site "204.178.125.65"]
[Date "2000.03.16"]
[Round "?"]
[White "Amateur"]
[Black "Hossa"]
[Result "1-0"]
[WhiteElo "2405"]
[BlackElo "2326"]
[PlyCount "129"]

1. d4 Nf6 2. Bg5 Ne4 3. Bf4 c5 4. f3 Qa5+ 5. c3 Nf6 6. Nd2 cxd4 7. Nb3 Qd8 8.
cxd4 d5 9. e3 e6 10. Nd2 Bb4 11. a3 Bxd2+ 12. Qxd2 Nh5 13. Nh3 Nc6 14. Bg5 f6
15. Bh4 g5 16. Bf2 O-O 17. Rd1 Re8 18. Be2 e5 19. f4 g4 20. dxe5 fxe5 21. Qc2
Qa5+ 22. Kf1 Nf6 23. Ng5 Re7 24. e4 dxe4 25. Bc5 exf4 26. Bxe7 Qxg5 27. Bxf6
Qxf6 28. Qxe4 Bf5 29. Qxf4 Rf8 30. Rd2 Qg6 31. Kg1 Be6 32. Qe3 Bf7 33. Bd3 Qg7
34. Be4 Bc4 35. Rf2 Rxf2 36. Kxf2 Qf6+ 37. Kg3 Nd4 38. Re1 h5 39. h4 gxh3 40.
Kxh3 Kf7 41. Rd1 Ne6 42. Bxb7 Nf4+ 43. Kg3 Ne2+ 44. Kh2 Qh4+ 45. Qh3 Qg4 46.
Bf3 Qf4+ 47. g3 Qxf3 48. Rf1 Qxf1 49. Qxf1+ Ke6 50. Qf8 Bb5 51. Qc5 a6 52. a4
Nxg3 53. axb5 Nf1+ 54. Kh3 axb5 55. Qxb5 Nd2 56. Qe2+ Kf6 57. Qxd2 Kf5 58. b4
Kf6 59. b5 Kf7 60. Qd5+ Kg6 61. b6 Kg7 62. b7 h4 63. b8=Q Kh7 64. Qbg8+ Kh6 65.
Qdg5# 1-0

[Event "ICS Rated blitz match"]
[Site "204.178.125.65"]
[Date "2000.03.16"]
[Round "?"]
[White "Amateur"]
[Black "Hossa"]
[Result "1-0"]
[WhiteElo "2464"]
[BlackElo "2584"]
[PlyCount "155"]

1. e4 e5 2. Nf3 Nc6 3. Bb5 a6 4. Ba4 Nf6 5. O-O Be7 6. Re1 b5 7. Bb3 d6 8. c3
O-O 9. d3 b4 10. Ba4 Bd7 11. Bxc6 Bxc6 12. cxb4 Rb8 13. Qc2 Bd7 14. a3 Ng4 15.
h3 Nf6 16. Be3 c6 17. Nc3 Re8 18. d4 exd4 19. Bxd4 Nh5 20. Be3 Qc7 21. Rad1 Rb7
22. Rd2 Qb8 23. e5 dxe5 24. Qd3 Bc8 25. Qxa6 Rxb4 26. Qxc6 Bb7 27. Qd7 Nf6 28.
Qf5 Rb3 29. Nxe5 Bxa3 30. Nd7 Nxd7 31. Rxd7 Rf8 32. bxa3 Bc8 33. Bh6 Qd6 34.
Rxd6 Bxf5 35. Nd5 Be6 36. Bc1 Rb7 37. a4 Ra7 38. Nb6 Re8 39. Bd2 h6 40. a5 Rb8
41. h4 h5 42. Re5 g6 43. Rc5 Kh7 44. Kh2 Ra6 45. Rxe6 fxe6 46. Rc7+ Kg8 47. Nd7
Rf8 48. Nxf8 Kxf8 49. Rb7 Ra8 50. Bb4+ Kg8 51. f4 Ra6 52. Rb6 Ra8 53. a6 Kf7
54. Rb7+ Kf6 55. a7 Kf5 56. Bc5 Kxf4 57. Rb8 Rxa7 58. g3+ Kf5 59. Rf8+ Ke4 60.
Bxa7 Ke5 61. Bb8+ Kd4 62. Re8 Kd5 63. Bf4 e5 64. Rxe5+ Kd4 65. Re6 Kd5 66. Rxg6
Kc5 67. Rg5+ Kd4 68. Rxh5 Kc4 69. Re5 Kd3 70. g4 Kc4 71. g5 Kd4 72. g6 Kd3 73.
g7 Kc3 74. g8=Q Kd4 75. Qd5+ Kc3 76. Re3+ Kc2 77. Qb3+ Kd2 78. Re4# 1-0

[Event "ICS rated blitz match"]
[Site "204.178.125.65"]
[Date "2000.03.16"]
[Round "?"]
[White "Hossa"]
[Black "Dualastic"]
[Result "1-0"]
[WhiteElo "2563"]
[BlackElo "2100"]
[PlyCount "23"]

1. c4 e5 2. Nc3 Bc5 3. Nf3 Qe7 4. Nd5 Qd6 5. d4 exd4 6. Bf4 Bb4+ 7. Nd2 Bxd2+
8. Qxd2 Qc6 9. Nxc7+ Kd8 10. Nxa8 Qxc4 11. Bxb8 b6 12. Bxa7 1-0

[Event "ICS rated blitz match"]
[Site "204.178.125.65"]
[Date "2000.03.16"]
[Round "?"]
[White "poodledough"]
[Black "Hossa"]
[Result "1-0"]
[WhiteElo "2895"]
[BlackElo "2563"]
[PlyCount "77"]

1. e4 e5 2. Nf3 Nc6 3. Nc3 Nf6 4. Bb5 Nd4 5. Ba4 Bc5 6. Nxe5 O-O 7. Nd3 Bb6 8.
e5 Ne8 9. Nd5 d6 10. Ne3 dxe5 11. Nxe5 Qe7 12. N5c4 Be6 13. b3 Bxc4 14. bxc4 f5
15. O-O f4 16. Nd5 Qe5 17. Ba3 Ne2+ 18. Kh1 f3 19. Bxf8 Qe4 20. g3 Kxf8 21. d3
Qg4 22. Qd2 Nd6 23. Bb3 g5 24. c5 Qh3 25. Rg1 Bxc5 26. Nxc7 Nxg1 27. Rxg1 Re8
28. Qxg5 Bd4 29. Nxe8 Nxe8 30. Qg8+ Ke7 31. Re1+ Kd8 32. Rxe8+ Kc7 33. Qc4+ Kb6
34. Qxd4+ Ka6 35. Qd6+ Ka5 36. Re5+ b5 37. Qc7+ Kb4 38. Qc5+ Ka5 39. Qxb5# 1-0

[Event "ICS Rated blitz match"]
[Site "204.178.125.65"]
[Date "2000.03.16"]
[Round "?"]
[White "Hossa"]
[Black "G-Koftecioglu"]
[Result "1-0"]
[WhiteElo "2559"]
[BlackElo "2100"]
[PlyCount "39"]

1. d4 Nf6 2. c4 g6 3. Nc3 d5 4. cxd5 Nxd5 5. e4 Nxc3 6. bxc3 Bg7 7. Bc4 O-O 8.
Ne2 c5 9. O-O Nc6 10. Be3 Bg4 11. f3 Bd7 12. Qd2 Na5 13. Bd3 c4 14. Bc2 e6 15.
Rab1 b5 16. Bh6 Bc6 17. Rfd1 Qf6 18. Bg5 Nb3 19. axb3 cxb3 20. Bxb3 1-0

[Event "ICS rated blitz match"]
[Site "204.178.125.65"]
[Date "2000.03.16"]
[Round "?"]
[White "PostModernist"]
[Black "Hossa"]
[Result "1-0"]
[WhiteElo "2621"]
[BlackElo "2559"]
[PlyCount "125"]

1. d4 Nf6 2. c4 e6 3. Nf3 b6 4. e3 Bb7 5. Nc3 Bb4 6. Bd3 Bxf3 7. Qxf3 d5 8. O-O
O-O 9. cxd5 exd5 10. Bd2 c5 11. dxc5 bxc5 12. a3 Bxc3 13. Bxc3 Nbd7 14. Bb5 Ne4
15. Bxg7 Kxg7 16. Qg4+ Kh8 17. Qxd7 Qxd7 18. Bxd7 Rab8 19. Ra2 d4 20. exd4 cxd4
21. Rd1 Rfd8 22. Bf5 Nc5 23. b4 Na4 24. Rd3 Rb5 25. g4 Kg7 26. Rc2 Nb6 27. Rc7
a5 28. Rh3 h6 29. bxa5 Nd5 30. Ra7 Rc5 31. Rf3 Rc3 32. Bd3 Rc1+ 33. Kg2 Nf6 34.
Ra6 Nd5 35. h4 Rc3 36. Be4 Rxf3 37. Kxf3 d3 38. Rc6 d2 39. Bc2 Ne7 40. Rc7 Ng6
41. h5 Ne5+ 42. Ke2 Rd5 43. a6 Nxg4 44. a7 Rd8 45. Bb3 d1=Q+ 46. Bxd1 Nf6 47.
Bb3 Nxh5 48. Bxf7 Nf4+ 49. Kf3 Nd3 50. Be6+ Kg6 51. Bc8 Rf8+ 52. Kg3 Ne5 53.
a8=Q Rf3+ 54. Kg2 Rf4 55. Qd5 Nf7 56. Qd3+ Kf6 57. Qe3 Re4 58. Qxe4 Kg7 59. Bg4
h5 60. Bxh5 Kf6 61. Rxf7+ Kg5 62. Qg6+ Kh4 63. Qg4# 1-0

[Event "ICS Rated blitz match"]
[Site "204.178.125.65"]
[Date "2000.03.16"]
[Round "?"]
[White "Hossa"]
[Black "LittleGoliath"]
[Result "0-1"]
[WhiteElo "2546"]
[BlackElo "2606"]
[PlyCount "124"]

1. d4 Nf6 2. c4 g6 3. Nc3 d6 4. e4 Bg7 5. Nf3 O-O 6. Bg5 h6 7. Bh4 g5 8. Bg3
Nh5 9. d5 c6 10. Nd2 Nxg3 11. hxg3 Nd7 12. Nb3 a5 13. g4 a4 14. Nd2 a3 15. Qc2
axb2 16. Rb1 Qa5 17. Nd1 Qxa2 18. f3 Nc5 19. g3 Ra6 20. Bg2 Qa3 21. Bf1 Rb6 22.
Be2 Bd7 23. Bf1 Bxg4 24. fxg4 Qxg3+ 25. Ke2 Qxg4+ 26. Ke1 Be5 27. Nf2 Qf4 28.
Be2 Qg3 29. Rh3 Qg1+ 30. Nf1 cxd5 31. cxd5 Rb4 32. Bf3 Rb3 33. Ke2 Rc3 34. Qxc3
Bxc3 35. Rg3 Qxg3 36. Nxg3 e6 37. dxe6 fxe6 38. Nd1 Be5 39. Nf1 Ra8 40. Nfe3
Ra1 41. Rxb2 Bxb2 42. Nxb2 Ra2 43. Nec4 b5 44. Ke3 bxc4 45. Nxc4 Nb7 46. Kd4
Kg7 47. Bg4 Kf7 48. Bf3 Rh2 49. Ne3 e5+ 50. Kd3 Nc5+ 51. Kc4 Rh3 52. Nf5 Rxf3
53. Nxd6+ Ke6 54. Kxc5 g4 55. Ne8 g3 56. Ng7+ Kd7 57. Nf5 g2 58. Kd5 g1=Q 59.
Kc4 Qc1+ 60. Kb4 Qb2+ 61. Kc5 Rc3+ 62. Kd5 Qb5# 0-1

[Event "ICS rated blitz match"]
[Site "204.178.125.65"]
[Date "2000.03.16"]
[Round "?"]
[White "Amateur"]
[Black "Hossa"]
[Result "1-0"]
[WhiteElo "2506"]
[BlackElo "2533"]
[PlyCount "111"]

1. e4 c5 2. Nc3 Nc6 3. g3 g6 4. Bg2 Bg7 5. d3 d6 6. f4 e6 7. Nf3 Nge7 8. O-O
O-O 9. Bd2 f5 10. Rc1 fxe4 11. dxe4 b6 12. Rf2 d5 13. Qe2 Nd4 14. Qe1 Nxf3+ 15.
Rxf3 Bd4+ 16. Kh1 dxe4 17. Qxe4 Rb8 18. Re1 Nf5 19. Qe2 Rb7 20. Rff1 Rbf7 21.
Rd1 Qd7 22. b3 Nd6 23. Ne4 Nxe4 24. Qxe4 Qe8 25. Rfe1 e5 26. Qe2 Bd7 27. c3 Bb5
28. Qf3 Qd8 29. cxd4 exd4 30. Re5 a5 31. Rde1 Kh8 32. a3 a4 33. b4 Qc7 34. h4
Qa7 35. h5 Rg8 36. Kh2 Ba6 37. Qd1 Rgf8 38. bxc5 bxc5 39. Be4 Rf6 40. hxg6 hxg6
41. Qc2 c4 42. Bb4 d3 43. Qb2 c3 44. Qxc3 Qf2+ 45. Kh1 R8f7 46. Re7 d2 47. Rd1
Qe2 48. Rxd2 Qf1+ 49. Kh2 Qc4 50. Bxg6 Qxc3 51. Bxc3 Kg8 52. Bxf6 Bd3 53. Bxf7+
Kf8 54. f5 Bb5 55. Rd8+ Be8 56. Rdxe8# 1-0

[Event "ICS Rated standard match"]
[Site "204.178.125.65"]
[Date "2000.03.16"]
[Round "?"]
[White "Hossa"]
[Black "Ebbi"]
[Result "0-1"]
[WhiteElo "2314"]
[BlackElo "2359"]
[PlyCount "127"]

1. e4 c5 2. Nf3 Nc6 3. d4 cxd4 4. Nxd4 Nf6 5. Nc3 d6 6. Bg5 e6 7. Qd2 a6 8.
O-O-O h6 9. Be3 Be7 10. f4 Nxd4 11. Bxd4 b5 12. Qe3 Bb7 13. Bxf6 gxf6 14. Bd3
b4 15. Ne2 Qa5 16. Kb1 Qc5 17. Qg3 Kf8 18. Nc1 d5 19. Nb3 Qc7 20. Qe3 a5 21.
exd5 Bxd5 22. Be4 Bxe4 23. Qxe4 Rc8 24. g4 a4 25. Nd4 a3 26. Ne2 axb2 27. Kxb2
Kg7 28. Kb1 Ra8 29. Rhe1 Ra6 30. Rd4 Bc5 31. Rd3 Rha8 32. Nc1 Bd6 33. Red1 Rc8
34. Rd4 Rc6 35. Ne2 Kg8 36. Qd3 e5 37. fxe5 Bxe5 38. Rd7 Rxc2 39. Qb3 Qc4 40.
Rd8+ Kg7 41. Rxc8 Qxb3+ 42. axb3 Rxc8 43. h3 f5 44. gxf5 Kf6 45. Rd7 Rc7 46.
Rd5 Kxf5 47. Rb5 Rd7 48. Kc2 Ke4 49. Rxb4+ Ke3 50. Rb5 Rd2+ 51. Kb1 Bh8 52. Ng3
Kd3 53. Rd5+ Bd4 54. Rxd4+ Kxd4 55. Nf5+ Kc3 56. Nxh6 Rh2 57. b4 Rxh3 58. Nf5
Rh5 59. Nd6 f5 60. Ka2 f4 61. b5 Re5 62. b6 f3 63. Nc4 Kxc4 64. b7 0-1

[Event "ICS Rated standard match"]
[Site "204.178.125.65"]
[Date "2000.03.16"]
[Round "?"]
[White "prg3"]
[Black "Hossa"]
[Result "0-1"]
[WhiteElo "2196"]
[BlackElo "2303"]
[PlyCount "131"]

1. d4 d5 2. c4 e6 3. Nc3 Nf6 4. cxd5 exd5 5. Bg5 Be7 6. e3 O-O 7. Bd3 c6 8.
Nge2 Ng4 9. Bf4 Be6 10. Qc2 Nf6 11. Ng3 c5 12. dxc5 Nbd7 13. O-O Nxc5 14. Nf5
Nxd3 15. Qxd3 Bb4 16. Be5 Bxc3 17. Bxc3 Rc8 18. Rac1 Ne4 19. Nxg7 Rxc3 20. bxc3
Kxg7 21. c4 Nf6 22. cxd5 Qxd5 23. Qxd5 Nxd5 24. Rfd1 Nf6 25. a3 Rc8 26. Rxc8
Bxc8 27. f3 Be6 28. e4 Nd7 29. Rc1 b5 30. Rc7 a6 31. Kf2 Ne5 32. Ra7 Nd3+ 33.
Ke3 Nc5 34. Kd4 Nb3+ 35. Kc3 a5 36. Rb7 Bc4 37. f4 Nc5 38. Re7 Kf8 39. Re5 Nd3
40. Rf5 a4 41. g3 Kg7 42. Rg5+ Kh8 43. h4 h6 44. Rf5 Kg7 45. h5 Nc1 46. g4 Ne2+
47. Kb4 Be6 48. Rxb5 Bxg4 49. f5 Ng3 50. e5 Bxf5 51. Rb7 Nxh5 52. Kxa4 Nf4 53.
Kb5 Ng6 54. a4 Nxe5 55. a5 Bd3+ 56. Kc5 Be2 57. Kd4 Nc6+ 58. Ke3 Nxa5 59. Ra7
Nc6 60. Rc7 Bb5 61. Rb7 Bc4 62. Rc7 Bd5 63. Kf4 Kg6 64. Rd7 Nb4 65. Rd6+ Be6
66. Rb6 0-1

[Event "ICS rated blitz match"]
[Site "204.178.125.65"]
[Date "2000.03.17"]
[Round "?"]
[White "Hossa"]
[Black "kyrios"]
[Result "1-0"]
[WhiteElo "2520"]
[BlackElo "2130"]
[PlyCount "89"]

1. d4 Nf6 2. c4 c5 3. d5 e6 4. Nc3 exd5 5. cxd5 g6 6. e4 d6 7. Nf3 Bg7 8. Bd3
O-O 9. O-O a6 10. Bf4 b5 11. Rc1 Bg4 12. h3 Bxf3 13. Qxf3 Ne8 14. Qg3 Qb6 15.
Bg5 f6 16. Bf4 Nd7 17. h4 c4 18. Bb1 Rb8 19. h5 g5 20. Be3 Qc7 21. Qh3 Ne5 22.
h6 Bh8 23. Ne2 Qd7 24. Qxd7 Nxd7 25. Nd4 Nc7 26. Nf5 b4 27. Rxc4 Nb5 28. Rxb4
Ne5 29. Bd2 Rfd8 30. a4 Nc7 31. Nxd6 a5 32. Rxb8 Rxb8 33. Bxa5 Na6 34. Rc1 Kf8
35. Bc3 Ke7 36. Nf5+ Kd7 37. a5 Nc5 38. Bxe5 fxe5 39. Rxc5 Rxb2 40. Bd3 Rd2 41.
Bb5+ Kd8 42. d6 Rd1+ 43. Kh2 Rb1 44. a6 Rc1 45. Rxc1 1-0

[Event "ICS rated blitz match"]
[Site "204.178.125.65"]
[Date "2000.03.17"]
[Round "?"]
[White "BushidoPath"]
[Black "Hossa"]
[Result "1-0"]
[WhiteElo "2509"]
[BlackElo "2527"]
[PlyCount "51"]

1. c4 c5 2. Nc3 Nc6 3. e4 Nd4 4. g3 d6 5. Bg2 Nf6 6. h3 Bd7 7. Nge2 h5 8. Nxd4
cxd4 9. Ne2 d3 10. Nf4 Rc8 11. b3 b5 12. cxb5 Bxb5 13. O-O e5 14. Nd5 Nxd5 15.
exd5 h4 16. g4 Rc2 17. Be4 Qb6 18. Qf3 Qd4 19. Rb1 Rxa2 20. g5 Be7 21. g6 O-O
22. Qh5 fxg6 23. Bxg6 Qg4+ 24. hxg4 Rf3 25. Qh7+ Kf8 26. Qh8# 1-0

[Event "ICS rated standard match"]
[Site "204.178.125.65"]
[Date "2000.03.17"]
[Round "?"]
[White "Hossa"]
[Black "tol4511"]
[Result "0-1"]
[WhiteElo "2339"]
[BlackElo "2498"]
[PlyCount "136"]

1. e4 c5 2. Nf3 d6 3. d4 cxd4 4. Nxd4 Nf6 5. Nc3 a6 6. Bg5 e6 7. f4 Be7 8. Qf3
Qc7 9. O-O-O Nbd7 10. g4 b5 11. Bxf6 Nxf6 12. g5 Nd7 13. f5 Bxg5+ 14. Kb1 Ne5
15. Qh5 Qe7 16. Nxe6 Bxe6 17. fxe6 g6 18. exf7+ Kxf7 19. Qe2 Kg7 20. Nd5 Qd8
21. Bh3 Rf8 22. Rhf1 Ra7 23. Qg2 Raf7 24. Rxf7+ Rxf7 25. Be6 Rf8 26. c3 Bh4 27.
Rf1 Qg5 28. Qg1 Qxg1 29. Rxg1 Rf2 30. Nc7 Nd3 31. Rd1 Nxb2 32. Rxd6 Na4 33. Nd5
Rb2+ 34. Kc1 Bg5+ 35. Kd1 Nc5 36. Ke1 Rxh2 37. Kf1 Nxe4 38. Rd7+ Kh8 39. Kg1
Rxa2 40. Rc7 Bh4 41. Bg4 Rd2 42. Bf3 Ng5 43. Bg2 Bg3 44. Rc8+ Kg7 45. Kf1 h5
46. Ra8 h4 47. Ne3 h3 48. Ra7+ Kh6 49. Ng4+ Kh5 50. Bxh3 Kh4 51. Bg2 Kxg4 52.
Rxa6 Ne6 53. Rxe6 Rd1+ 54. Ke2 Re1+ 55. Kd3 Rxe6 56. Kd4 Re5 57. c4 b4 58. Be4
Rxe4+ 59. Kxe4 b3 60. Kd3 Be5 61. Kd2 Kf5 62. Ke3 b2 63. c5 b1=Q 64. c6 Qd1 65.
Kf2 Bd4+ 66. Kg3 Qf1 67. c7 Be5+ 68. Kh4 Qh1# 0-1

[Event "ICS rated blitz match"]
[Site "204.178.125.65"]
[Date "2000.03.17"]
[Round "?"]
[White "Hossa"]
[Black "tol4511"]
[Result "0-1"]
[WhiteElo "2525"]
[BlackElo "2111"]
[PlyCount "126"]

1. c4 e5 2. Nc3 Nf6 3. Nf3 Nc6 4. g3 Bc5 5. Bg2 d6 6. O-O O-O 7. d3 h6 8. a3 a5
9. e3 Bb6 10. b3 Bf5 11. d4 Bg4 12. dxe5 Nxe5 13. Bb2 Re8 14. Nd5 Nxd5 15. Qxd5
c6 16. Qd1 Qf6 17. Bxe5 dxe5 18. e4 Red8 19. Qe2 Bc5 20. a4 Rd6 21. Rfd1 Rad8
22. Rab1 b6 23. Rxd6 Qxd6 24. Rc1 Qf6 25. Rd1 Rd4 26. h3 Rxd1+ 27. Qxd1 Bh5 28.
g4 Bg6 29. Qd7 Kh7 30. Qd2 Qe7 31. h4 Kg8 32. Qd3 Qd6 33. Qxd6 Bxd6 34. Ne1 h5
35. g5 f6 36. gxf6 gxf6 37. Nd3 f5 38. f4 fxe4 39. Nxe5 Bxe5 40. fxe5 Kf7 41.
Bh3 e3 42. Kf1 Bc2 43. Ke2 Bxb3 44. Kxe3 Bxa4 45. Kd4 Ke7 46. c5 b5 47. Bg2 b4
48. Bf3 Bb3 49. Bxc6 a4 50. Be4 a3 51. Bb1 Be6 52. c6 Kd8 53. Kd3 Bf5+ 54. Kc4
Bxb1 55. Kb3 Bf5 56. Kxb4 a2 57. e6 a1=Q 58. e7+ Kxe7 59. Kc5 Qc3+ 60. Kb6 Qb4+
61. Ka6 Kd6 62. Ka7 Kxc6 63. Ka6 Qb6# 0-1

[Event "ICS rated blitz match"]
[Site "204.178.125.65"]
[Date "2000.03.17"]
[Round "?"]
[White "tol4511"]
[Black "Hossa"]
[Result "1-0"]
[WhiteElo "2140"]
[BlackElo "2496"]
[PlyCount "83"]

1. e4 e5 2. Nf3 Nc6 3. Bb5 a6 4. Ba4 Nf6 5. O-O Be7 6. Re1 b5 7. Bb3 d6 8. c3
O-O 9. h3 Bb7 10. d4 Re8 11. Nbd2 Bf8 12. a4 h6 13. Bc2 exd4 14. cxd4 Nb4 15.
Bb1 c5 16. d5 Nd7 17. Ra3 f5 18. Rae3 Nf6 19. Nh2 Qd7 20. Rf3 fxe4 21. Nxe4
Nfxd5 22. Ng4 h5 23. Ne3 bxa4 24. Rg3 h4 25. Rg6 Re6 26. Rxe6 Qxe6 27. Ng5 Qh6
28. Nf5 Qg6 29. Ne7+ Nxe7 30. Bxg6 Nxg6 31. Qh5 Be7 32. Qh7+ Kf8 33. Ne6+ Ke8
34. Qxg6+ Kd7 35. Nxc5+ Kc6 36. Qe4+ d5 37. Qxe7 Rh8 38. Ne6 Rc8 39. Qc5+ Kd7
40. Nf8+ Rxf8 41. Re7+ Kd8 42. Qc7# 1-0

[Event "ICS rated standard match"]
[Site "204.178.125.65"]
[Date "2000.03.17"]
[Round "?"]
[White "Hossa"]
[Black "star"]
[Result "1-0"]
[WhiteElo "2330"]
[BlackElo "2533"]
[PlyCount "113"]

1. d4 d5 2. c4 c6 3. Nf3 Nf6 4. Nc3 dxc4 5. a4 Bf5 6. e3 e6 7. Bxc4 Bb4 8. O-O
O-O 9. Qe2 Nbd7 10. e4 Bg6 11. Bd3 c5 12. e5 cxd4 13. exf6 dxc3 14. Bxg6 hxg6
15. Qb5 Bd6 16. fxg7 Kxg7 17. Qd3 Ne5 18. Qxc3 Rc8 19. Qe3 Nxf3+ 20. Qxf3 Rc2
21. g3 Qc7 22. Be3 Bc5 23. Rac1 Bxe3 24. Qxe3 Rd8 25. Rfe1 b6 26. b3 Rd5 27. h4
Rdc5 28. Rxc2 Rxc2 29. h5 Qc3 30. hxg6 Qxe3 31. Rxe3 Kxg6 32. Kg2 Rb2 33. g4 e5
34. Rxe5 Rxb3 35. Rb5 Ra3 36. Rb4 a5 37. Rd4 Rb3 38. f4 Rb4 39. Rd6+ Kg7 40.
Kf3 Rxa4 41. Rxb6 Rc4 42. Ra6 a4 43. g5 Rc3+ 44. Kg4 Rc4 45. Kf5 Kf8 46. g6
fxg6+ 47. Kg5 Ke7 48. Rxg6 Rc5+ 49. f5 Ra5 50. Re6+ Kd7 51. Kg6 a3 52. Re1 a2
53. Rd1+ Kc7 54. Ra1 Kd6 55. f6 Ra7 56. f7 Ke7 57. Re1+ 1-0

[Event "ICS rated standard match"]
[Site "204.178.125.65"]
[Date "2000.03.17"]
[Round "?"]
[White "star"]
[Black "Hossa"]
[Result "1-0"]
[WhiteElo "2509"]
[BlackElo "2354"]
[PlyCount "103"]

1. d4 Nf6 2. Nf3 e6 3. c4 b6 4. g3 Ba6 5. b3 d5 6. cxd5 exd5 7. Bh3 Ne4 8. O-O
Be7 9. Qc2 c5 10. dxc5 bxc5 11. Nbd2 Bxe2 12. Nxe4 Bxf3 13. Nxc5 O-O 14. Bf4 d4
15. Rfe1 Nc6 16. Qd3 Bd5 17. Rac1 Bg5 18. Nd7 Bxf4 19. Nxf8 Qxf8 20. gxf4 Qd8
21. Bf5 Kh8 22. Be4 Qd7 23. Bxd5 Nb4 24. Qxd4 Nxd5 25. f3 Qb7 26. Qe4 Qb6+ 27.
Kh1 Qe6 28. Qd3 Qd6 29. Red1 Rf8 30. Qxd5 Qb8 31. Qd6 Qa8 32. Kg2 Kg8 33. Rc7
Qb8 34. Rd7 Qb6 35. Rd8 Qxd6 36. R1xd6 h5 37. Rxf8+ Kxf8 38. Ra6 g6 39. a4 h4
40. Rxa7 g5 41. fxg5 Kg7 42. b4 Kg6 43. b5 Kxg5 44. b6 Kf6 45. b7 Kf5 46. b8=Q
Ke6 47. Qb6+ Kd5 48. Rd7+ Kc4 49. Rd4+ Kc3 50. Qb4+ Kc2 51. Rd2+ Kc1 52. Qb2#
1-0

[Event "ICS rated blitz match"]
[Site "204.178.125.65"]
[Date "2000.03.17"]
[Round "?"]
[White "Levius-Primus"]
[Black "Hossa"]
[Result "0-1"]
[WhiteElo "2076"]
[BlackElo "2474"]
[PlyCount "58"]

1. d4 Nf6 2. Nc3 d5 3. e4 dxe4 4. f3 exf3 5. Nxf3 Nc6 6. Bb5 Qd6 7. O-O Bg4 8.
h3 Bh5 9. d5 O-O-O 10. Kh1 Nb4 11. Qd4 c5 12. Qc4 Nbxd5 13. Rd1 a6 14. Nxd5
axb5 15. Qxb5 Nxd5 16. c4 Bxf3 17. gxf3 Qe6 18. Rxd5 Qe1+ 19. Kh2 Qf2+ 20. Kh1
Qf1+ 21. Kh2 Rxd5 22. cxd5 Qxb5 23. Bf4 Qxb2+ 24. Kg3 Qxa1 25. d6 Qg1+ 26. Kh4
h5 27. d7+ Kxd7 28. Bg3 Qd4+ 29. f4 Qf6# 0-1

[Event "ICS rated blitz match"]
[Site "204.178.125.65"]
[Date "2000.03.17"]
[Round "?"]
[White "Levius-Primus"]
[Black "Hossa"]
[Result "0-1"]
[WhiteElo "2070"]
[BlackElo "2480"]
[PlyCount "92"]

1. d4 Nf6 2. Nc3 d5 3. e4 dxe4 4. f3 exf3 5. Nxf3 Nc6 6. a3 e5 7. d5 Ne7 8.
Bb5+ c6 9. dxc6 Qxd1+ 10. Nxd1 bxc6 11. Bc4 Ng6 12. Ng5 Nd5 13. Ne3 Be6 14.
Nxe6 fxe6 15. O-O Bc5 16. Re1 e4 17. Kh1 Ne5 18. c3 Bxe3 19. Bxe3 Nxc4 20. Bd4
e3 21. b3 Nd2 22. c4 Nxb3 23. Rad1 Nxd4 24. Rxd4 Nf6 25. Rxe3 Ke7 26. g4 Rad8
27. Rf4 g5 28. Rf1 Nxg4 29. Rg3 h5 30. h3 Ne5 31. Rxg5 Nxc4 32. Rc5 Nd2 33. Rg1
Rd3 34. Rg7+ Kd6 35. Rc1 Rxh3+ 36. Kg2 Rxa3 37. Rd1 Rd3 38. Rxa7 Rg8+ 39. Kh2
Nf3+ 40. Kh3 Ng1+ 41. Kh2 Rxd1 42. Ra3 Rd2+ 43. Kh1 Rd4 44. Ra2 Rh4+ 45. Rh2
Nf3 46. Rxh4 Rg1# 0-1

[Event "ICS rated blitz match"]
[Site "204.178.125.65"]
[Date "2000.03.17"]
[Round "?"]
[White "Hossa"]
[Black "Levius-Primus"]
[Result "1-0"]
[WhiteElo "2483"]
[BlackElo "2067"]
[PlyCount "69"]

1. e4 e5 2. Nf3 d5 3. Nxe5 Bd6 4. d4 dxe4 5. Nd2 Bxe5 6. dxe5 e3 7. fxe3 Nc6 8.
Bb5 Qe7 9. O-O Bd7 10. Bxc6 Bxc6 11. Nc4 Qc5 12. b3 Qd5 13. Qg4 g6 14. e6 f5
15. Qg3 Nf6 16. Bb2 O-O 17. e7 Rf7 18. Rfd1 Qe6 19. Rd8+ Be8 20. Rxa8 Qxe7 21.
Bxf6 Rxf6 22. Rxa7 Qc5 23. Rxb7 f4 24. Qh4 Kg7 25. Qf2 fxe3 26. Qxe3 Qc6 27.
Rb8 Bf7 28. Qe7 Kh6 29. Ne5 Bd5 30. Nxc6 Rxc6 31. Rh8 Kh5 32. Rxh7+ Kg4 33.
Rh4+ Kf5 34. Rf1+ Bf3 35. Rxf3# 1-0

[Event "ICS rated blitz match"]
[Site "204.178.125.65"]
[Date "2000.03.17"]
[Round "?"]
[White "Levius-Primus"]
[Black "Hossa"]
[Result "0-1"]
[WhiteElo "2064"]
[BlackElo "2486"]
[PlyCount "44"]

1. d4 Nf6 2. Nc3 d5 3. e4 dxe4 4. f3 exf3 5. Nxf3 Nc6 6. Bb5 Qd6 7. d5 a6 8.
Ba4 b5 9. dxc6 Qxd1+ 10. Nxd1 bxa4 11. Nc3 e6 12. Nxa4 Bd6 13. Nc3 O-O 14. O-O
Rb8 15. b3 Rb6 16. Nd4 Bc5 17. Be3 Ng4 18. Na4 Nxe3 19. Nxb6 Bxd4 20. Nxc8
Nxf1+ 21. Kxf1 Bxa1 22. Ne7+ Kh8 0-1

[Event "ICS rated blitz match"]
[Site "204.178.125.65"]
[Date "2000.03.17"]
[Round "?"]
[White "Hossa"]
[Black "Levius-Primus"]
[Result "1-0"]
[WhiteElo "2489"]
[BlackElo "2061"]
[PlyCount "35"]

1. e4 e5 2. Nf3 d6 3. d4 f5 4. exf5 e4 5. Qe2 Qe7 6. Ng5 Nf6 7. Nc3 d5 8. g4
Nc6 9. Be3 g6 10. Nh3 gxf5 11. g5 Ng4 12. Nxd5 Qf7 13. Nhf4 Bd6 14. Bh3 Nxe3
15. fxe3 Be6 16. Nf6+ Kd8 17. d5 Bb4+ 18. c3 1-0

[Event "ICS rated blitz match"]
[Site "204.178.125.65"]
[Date "2000.03.17"]
[Round "?"]
[White "Levius-Primus"]
[Black "Hossa"]
[Result "0-1"]
[WhiteElo "2054"]
[BlackElo "2496"]
[PlyCount "76"]

1. d4 d5 2. e4 dxe4 3. Nc3 Nf6 4. f3 exf3 5. Nxf3 Bf5 6. Ne5 e6 7. g4 Bg6 8.
Qf3 Bxc2 9. Qxb7 Nbd7 10. Nc6 Qc8 11. Ba6 Nb6 12. Qxc8+ Rxc8 13. Bxc8 Nxc8 14.
g5 Ne4 15. O-O Nxc3 16. bxc3 Bd6 17. Bf4 Be4 18. Ne5 f6 19. Nc4 Bxf4 20. Rxf4
Bd5 21. Ne3 fxg5 22. Rff1 Be4 23. Rae1 Nd6 24. c4 Bd3 25. c5 Nb5 26. Rf2 Nxd4
27. Rd1 Ne2+ 28. Kh1 Be4+ 29. Ng2 Nf4 30. Rfd2 Ke7 31. Kg1 Nxg2 32. Rd7+ Kf6
33. Rxc7 a5 34. Rf1+ Nf4 35. Rd1 Rb8 36. Kf2 Rb2+ 37. Ke3 Ke5 38. Re1 Nd5# 0-1

[Event "ICS rated blitz match"]
[Site "204.178.125.65"]
[Date "2000.03.17"]
[Round "?"]
[White "Hossa"]
[Black "Levius-Primus"]
[Result "0-1"]
[WhiteElo "2498"]
[BlackElo "2052"]
[PlyCount "142"]

1. e4 d6 2. d4 g6 3. Nf3 Bg7 4. Bc4 c6 5. O-O b5 6. Be2 Nf6 7. e5 Nd5 8. exd6
exd6 9. Nc3 Nxc3 10. bxc3 O-O 11. Bg5 Bf6 12. Bh6 Bg7 13. Bxg7 Kxg7 14. d5 a6
15. c4 b4 16. Re1 c5 17. Qd2 Qf6 18. Rab1 Bf5 19. Bd3 Bxd3 20. cxd3 Nd7 21. Re2
Rfe8 22. Rbe1 Rxe2 23. Qxe2 a5 24. Qe3 a4 25. Ng5 Ne5 26. Ne4 Qd8 27. Nxd6 Qxd6
28. Qxe5+ Qxe5 29. Rxe5 b3 30. Re2 Rb8 31. axb3 Rxb3 32. f3 Rxd3 33. Ra2 a3 34.
Kf2 Kf6 35. Ke2 Rc3 36. f4 Rxc4 37. Rxa3 Rxf4 38. Re3 Rd4 39. Rh3 h5 40. Rf3+
Ke7 41. Re3+ Kd6 42. Rf3 Ke7 43. Re3+ Kd7 44. Rd3 Rxd3 45. Kxd3 Kd6 46. Kc4 f5
47. h4 f4 48. Kc3 Kxd5 49. Kd3 c4+ 50. Ke2 Kd4 51. Kd2 c3+ 52. Kc2 Kc4 53. Kd1
Kd3 54. Kc1 Ke3 55. Kc2 Kf2 56. Kxc3 Kxg2 57. Kd4 f3 58. Ke5 f2 59. Kf6 f1=Q+
60. Ke5 Qf3 61. Kd4 Kg3 62. Kc4 Kxh4 63. Kd4 g5 64. Kc4 g4 65. Kd4 g3 66. Kc4
g2 67. Kb4 g1=Q 68. Kb5 Qc3 69. Ka4 Qga1+ 70. Kb5 Qab2+ 71. Ka6 Qca3# 0-1